000
00360nam a22001217a 4500
040
_c
SK
082
_a
330
100
_a
NA
245
_a
អង្កេតសេដ្ឋកិច្ចសង្គមកិច្ចកម្ពុជា
260
_a
វិទ្យាស្ថានជាតិស្ថិតិ
_b
NA
_c
1994
300
_a
205p.
942
_c
KB
999
_c
10240
_d
10240